Neuromarketing ako nástroj pre vytvorenie efektívnej marketingovej komunikácie diplomová práca

Enregistré dans:
Détails bibliographiques
Auteur principal: Spevár, Filip
Collectivité auteur: Obchodná fakulta EU. Katedra marketingu
Autres auteurs: Kopaničová, Janka, 1979-
Format: Livre
Langue:slovaque
Publié: Bratislava 2022
Tags: Ajouter un tag
Pas de tags, Soyez le premier à ajouter un tag!

MARC

LEADER 00000nbm a2200000 4500
001 0284284
005 20221130083916.0
041 0 |a slo 
044 |a SK 
245 1 0 |a Neuromarketing ako nástroj pre vytvorenie efektívnej marketingovej komunikácie  |b diplomová práca  |c Filip Spevár ; školiteľ: Janka Kopaničová 
264 1 |a Bratislava  |c 2022 
300 |a 85 s. 
100 1 |a Spevár, Filip 
700 1 |a Kopaničová, Janka, 1979- 
710 2 |a Obchodná fakulta EU. Katedra marketingu